Gold nanoparticles in Biomedical applications
Сохранить в:
| Главный автор: | |
|---|---|
| Формат: | |
| Язык: | английский |
| Опубликовано: |
CRC Press
2019
|
| Метки: |
Добавить метку
Нет меток, Требуется 1-ая метка записи!
|
MARC
| LEADER | 00000nam a22000007a 4500 | ||
|---|---|---|---|
| 008 | 240422b |||||||| |||| 00| 0 eng d | ||
| 020 | |a 9780367892210 | ||
| 100 | |a DYKMAN, Lev | ||
| 245 | |a Gold nanoparticles in Biomedical applications |c Lev Dykman, Nikolai Khlebtsov |g xx,332p. | ||
| 260 | |b CRC Press |c 2019 |h Florida |i 700657 |i 700658 |l TP248.2.D99 |m Nanotechnology |m Biotechnology |m Biomedical engineering | ||
| 500 | |a It includes references and index | ||
| 942 | |a lcc |c BK |e Adeyemo O.O |f 22/04/2024 | ||
| 952 | |0 0 |1 0 |2 lcc |4 0 |6 R0856 D99 |7 0 |9 5094 |a HE |b HOL |c QZ |d 2024-04-22 |l 0 |o R856.D99 |p 2024-0342 |r 2024-04-22 00:00:00 |t 700657 |w 2024-04-22 |y BK | ||
| 952 | |0 0 |1 0 |2 lcc |4 0 |6 R0856 D99 |7 0 |9 5095 |a HOL |b HOL |c QZ |d 2024-04-22 |l 0 |o R856.D99 |p 2024-0343 |r 2024-04-22 00:00:00 |t 700658 |w 2024-04-22 |y BK | ||
| 999 | |c 2529 |d 2529 | ||